| 000 | 01043nam a2200253Ia 4500 | ||
|---|---|---|---|
| 008 | 191130s1997##################000#0#eng## | ||
| 020 | _a9780691059716 | ||
| 022 | _a98180186 | ||
| 040 |
_aACL _cACL |
||
| 082 | _a708.147186 HIN | ||
| 100 | _aHindman, Sandra | ||
| 245 |
_aIlluminations _cSandra Hindman ... [et al.] |
||
| 260 |
_aNew York _bMetropolitan Museum of Art ; Princeton University Press _cc1997 |
||
| 300 | _axv, 240 p. : ill. (some col.), facsims. ; 29 cm | ||
| 500 | _aIncludes index. Bibliography: p. 199-225 | ||
| 650 | _aIllumination of books and manuscripts - Catalogs | ||
| 650 | _aIllumination of books and manuscripts - New York (State) - New York - Catalogs | ||
| 650 | _aIllumination of books and manuscripts - Private collections - New York (State) - New York - Catalogs | ||
| 650 | _aIllumination of books and manuscripts, European - Catalogs | ||
| 650 | _aIllumination of books and manuscripts, Italian - Catalogs | ||
| 990 | _a4df759a4ac10000c0aa7b8706237fb19 | ||
| 991 | _a293775 | ||
| 999 |
_c266794 _d266794 |
||